Name the Flags - South America Countries - Statistics

General Stats
  • This quiz has been taken 94 times
  • The average score is 11 of 12
Answer Stats
Picture Answer % Correct
Argentina
100%
Brazil
100%
Chile
98%
Colombia
98%
Venezuela
96%
Ecuador
95%
Uruguay
95%
Peru
93%
Paraguay
88%
Suriname
88%
Bolivia
84%
Guyana
84%
No matching quizzes found
Score Distribution
Percent of People with Each Score
Percentile by Number Answered
Your Score History
You have not taken this quiz